PHARMACEUTICAL MICROBIOLOGY (Record no. 8147)

MARC details
000 -LEADER
fixed length control field 00316nam a22001457a 4500
003 - CONTROL NUMBER IDENTIFIER
control field SGT
020 ## - INTERNATIONAL STANDARD BOOK NUMBER
International Standard Book Number 818579061-2
082 ## - DEWEY DECIMAL CLASSIFICATION NUMBER
Classification number 615.19, P13K
100 ## - MAIN ENTRY--PERSONAL NAME
Personal name KOKARE, C
245 ## - TITLE STATEMENT
Title PHARMACEUTICAL MICROBIOLOGY
260 ## - PUBLICATION, DISTRIBUTION, ETC. (IMPRINT)
Place of publication, distribution, etc PUNE
Name of publisher, distributor, etc NIRALI PRAKASHAN
Year of Publication 2013
300 ## - PAGE DESCRIPTION
No. of Pages 295
650 ## - SUBJECT ADDED ENTRY--TOPICAL TERM
Topical term or geographic name as entry element PHARMACEUTICAL
942 ## - ADDED ENTRY ELEMENTS (KOHA)
Source of classification or shelving scheme Dewey Decimal Classification
Koha item type Books
Holdings
Withdrawn status Lost status Source of classification or shelving scheme Damaged status Not for loan Collection code Home library Current library Shelving location Date acquired Vendor Name Cost, normal purchase price SGTU Bill Number Total Checkouts Full call number Accession No. (Barcode) Date last seen Date last borrowed Bill Date Koha item type
    Dewey Decimal Classification     PHARMACY SGT FA-FP Library SGT FA-FP Library Text Book 10/12/2015 AHUJA BOOK COMPNY 340.00 SGTU 6162 16 615.19, P13K FP1548 15/01/2021 04/01/2021 06/10/2015 Books